00298 a2200133 450000100060000002000150000604000370002110000300005824000210008824500160010930000070012536200090013265000230014172000 a8508043066 cAnchieta - Colégio São Paulo aRagache, Claude-Catherine10aA cavalarialpor10aA cavalaria a470 a1993 4aLiteratura juvenil